Stadt zu Land Quiz #1 - Statistiken

Allgemein
  • Dieses Quiz wurde 651 mal gespielt
  • Das Durchschnittsergebnis liegt bei 16 aus 27
Antwortstatistiken
Stadt Land % Korrekt
Stuttgart Deutschland
100%
Danzig Polen
89%
Porto Portugal
89%
Kyoto Japan
88%
Bergen Norwegen
88%
Montevideo Uruguay
82%
Nikosia Zypern
81%
Odessa Ukraine
76%
Cagliari Italien
71%
Guadalajara Mexiko
70%
Darwin Australien
64%
Haifa Israel
64%
Luxor Ägypten
63%
Jakutsk Russland
63%
Dakar Senegal
63%
Medellin Kolumbien
61%
Khartum Sudan
52%
Brünn Tschechien
52%
Chennai Indien
49%
Dschidda Saudi-Arabien
46%
Durban Südafrika
45%
Saskatoon Kanada
39%
Basra Irak
29%
Kalamata Griechenland
28%
San Bernardino Vereinigte Staaten
27%
Schiras Iran
24%
Camagüey Kuba
7%
Keine übereinstimmenden Quizze gefunden
Verteilung der Resultate
Anzahl Personen mit jedem Resultat
Perzentil nach korrekt beantworteten Fragen
Ihre Resultats-Entwicklung
Sie haben dieses Quiz noch nicht gespielt